|
|
|
|
| LEADER |
01391nam a2200337 a 4500 |
| 001 |
2842309 |
| 003 |
BD-DhAAL |
| 005 |
20230709124022.0 |
| 008 |
130408s2005 enk b 001 0 eng d |
| 010 |
|
|
|a 84021507
|
| 020 |
|
|
|a 8175962615
|
| 020 |
|
|
|a 0521268176
|
| 040 |
|
|
|a DLC
|c DLC
|d DLC
|d BD-DhAAL
|
| 082 |
0 |
0 |
|a 338.1094
|2 19
|
| 245 |
0 |
4 |
|a The Brenner debate :
|b agrarian class structure and economic development in pre-industrial Europe /
|c edited by T.H. Aston and C.H.E. Philpin.
|
| 260 |
|
|
|a Cambridge ;
|a New York ;
|b New Delhi :
|b Cambridge University Press,
|c 2005.
|
| 300 |
|
|
|a viii, 339 pages ;
|c 22 cm.
|
| 490 |
0 |
|
|a Past and present publications
|
| 504 |
|
|
|a Includes bibliographical references and index.
|
| 541 |
|
|
|e 00026830
|
| 650 |
|
0 |
|a Agriculture
|x Economic aspects
|z Europe
|x History.
|9 54968
|
| 650 |
|
0 |
|a Social classes
|z Europe
|x History.
|9 54969
|
| 650 |
|
0 |
|a Capitalism
|z Europe
|x History.
|9 11904
|
| 651 |
|
0 |
|a Europe
|x Economic conditions.
|
| 651 |
|
0 |
|a Europe
|x Social conditions.
|
| 700 |
1 |
|
|a Aston, T. H.
|q (Trevor Henry)
|9 54970
|
| 700 |
1 |
|
|a Philpin, C. H. E.
|9 54971
|
| 852 |
1 |
|
|a Ayesha Abed Library
|c General shelf.
|
| 942 |
|
|
|2 ddc
|c BK
|
| 999 |
|
|
|c 13286
|d 13286
|
| 952 |
|
|
|0 0
|1 0
|2 ddc
|4 0
|6 338_109400000000000_BRE
|7 0
|9 22168
|a BIGD
|b BIGD
|c GEN
|d 2023-07-09
|e Prothoma
|g 650.00
|l 0
|o 338.1094 BRE
|p 3050026830
|r 2013-04-10
|t 1
|w 2013-04-10
|y BK
|x Transferred from BDI to BIGD.
|